000 00291nam a22001337a 4500
008 170728b xxu||||| |||| 00| 0 eng d
020 _a9781400040926
041 _aeng
080 _a004
100 _a31
101 _aSHK
245 _aPROGRAMMING THE UNIVERSE
_cLLOYD,S
942 _2udc
_cBK
999 _c22076
_d22076